000 00784cam a22002414a 4500
001 13163387
005 20180131040203.0
008 030415s2003 kyua b 001 0 eng
010 _a 2003008808
020 _a0813122856 (alk. paper)
040 _aDLC
_cDLC
_dDLC
041 _aeng
042 _apcc
080 _a338.1 nor
082 0 0 _a338.1 nor
_221
100 _a9
101 _amje
245 0 4 _aThe essential agrarian reader :
_cedited by Norman Wirzba.
504 _aIncludes bibliographical references (p. 267-269) and index.
906 _a7
_bcbc
_corignew
_d1
_eecip
_f20
_gy-gencatlg
942 _2ddc
_cBK
999 _c41339
_d41339